Catálogo

Vista normal Vista MARC

Entrada Personal Name

Número de registros utilizados en: 1

001 - CONTROL NUMBER

  • control field: 16794

003 - CONTROL NUMBER IDENTIFIER

  • control field: DLC

005 - DATE AND TIME OF LATEST TRANSACTION

  • control field: 20250224153911.0

008 - FIXED-LENGTH DATA ELEMENTS

  • fixed length control field: 881104n| acannaabn |a aaa c

010 ## - LIBRARY OF CONGRESS CONTROL NUMBER

  • LC control number: nr 88010818

035 ## - SYSTEM CONTROL NUMBER

  • System control number: (OCoLC)oca02399544

040 ## - CATALOGING SOURCE

  • Original cataloging agency: NjP
  • Language of cataloging: spa
  • Transcribing agency: Mx-PuUPA
  • Modifying agency: NmU
  • Modifying agency: MU
  • Modifying agency: CSt
  • Modifying agency: Mx-PuUPA
  • Description conventions: rda

100 1# - HEADING--PERSONAL NAME

  • Personal name: Larrosa, Manuel,

374 ## - OCCUPATION

  • Occupation: Autor

375 ## - GENDER

  • Gender: hombre

377 ## - ASSOCIATED LANGUAGE

  • Language code: spa

400 1# - SEE FROM TRACING--PERSONAL NAME

  • Personal name: Larrosa Irigoyen, Manuel

400 1# - SEE FROM TRACING--PERSONAL NAME

  • Personal name: Irigoyen, Manuel Larrosa

400 1# - SEE FROM TRACING--PERSONAL NAME

  • Personal name: Larrosa I., Manuel
  • Fuller form of name: (Larrosa Irigoyen)

670 ## - SOURCE DATA FOUND

  • Source citation: His Mario Pani, 1985:
  • Information found: t.p. (Manuel Larrosa)

670 ## - SOURCE DATA FOUND

  • Source citation: Abraham Zabludovsky, espacios para la cultura, 2000:
  • Information found: t.p. (Manuel Larrosa Irigoyen)

670 ## - SOURCE DATA FOUND

  • Source citation: Ángel Borja Navarrete, 2005:
  • Information found: t.p. (Manuel Larrosa I.)